Name the lyrics of Anthropolgy (Lyra’s Song) in order - Statistics

General Stats
  • This quiz has been taken 12 times
  • The average score is 16 of 239
Answer Stats
Answer % Correct
The
100%
A
50%
A
50%
A
50%
A
50%
A
50%
A
50%
A
50%
And
50%
And
50%
And
50%
And
50%
And
50%
And
50%
Anthropology
50%
Anthropology
50%
Anthropology
50%
Anthropology
50%
Anthropology
50%
Are
50%
Being
50%
Beings
50%
Fascinate
50%
Human
50%
Just
50%
Me
50%
The
50%
The
50%
They
50%
Way
50%
Albert
0%
Alike
0%
All
0%
All
0%
All
0%
Ancient
0%
Aren’t
0%
Around
0%
Ask
0%
At
0%
Babies
0%
Barrack
0%
Be
0%
Be
0%
Bored
0%
Born
0%
Brownish
0%
Brushing
0%
But
0%
But
0%
Butt
0%
Camera
0%
Can
0%
Can
0%
Car
0%
Care
0%
Cart
0%
Cause
0%
Children
0%
Cleopatra
0%
Clothes
0%
Coat
0%
Come
0%
Comic-con
0%
Couple
0%
Don’t
0%
Don’t
0%
Don’t
0%
Don’t
0%
Don’t
0%
Dress
0%
Drive
0%
Einstein
0%
Elders
0%
Elton
0%
Everybody
0%
Everywhere
0%
Fake
0%
Favorite
0%
Fights
0%
Fingers
0%
For
0%
Gloat
0%
Gone
0%
Got’s
0%
Grab
0%
Guitar
0%
Had
0%
Hairs
0%
Have
0%
Have
0%
History
0%
Hooves
0%
Horse
0%
Human
0%
Humans
0%
Humans
0%
Humans
0%
I
0%
I
0%
I
0%
I
0%
I
0%
I
0%
I’ll
0%
I’m
0%
Imagination
0%
In
0%
In
0%
In
0%
Instrument
0%
Inventions
0%
Is
0%
It
0%
It
0%
Its
0%
It’s
0%
Its
0%
It’s
0%
Its
0%
John
0%
Legs
0%
Legs
0%
Like
0%
Like
0%
Little
0%
Living
0%
Lyre
0%
Magic
0%
Magic
0%
Mane
0%
Mare’s
0%
Maybe
0%
Me
0%
Me
0%
Me
0%
Me
0%
Me
0%
Mean
0%
Michael
0%
Much
0%
My
0%
My
0%
Mystery
0%
Mystery
0%
Mythology
0%
Need
0%
Need
0%
New
0%
New
0%
Nobody’s
0%
Noses
0%
Obama
0%
Of
0%
Of
0%
Of
0%
Old
0%
On
0%
On
0%
Or
0%
Or
0%
Or
0%
Pair
0%
Perfect
0%
Phelps
0%
Please
0%
Pony
0%
Powers
0%
Proves
0%
Push
0%
Real
0%
Real
0%
Rights
0%
Say
0%
Say
0%
See
0%
See
0%
Shakespeare
0%
Shh
0%
Skin
0%
So
0%
So
0%
Stand
0%
Still
0%
Strum
0%
Study
0%
Styling
0%
Sweet
0%
Tannish
0%
Teens
0%
Tell
0%
Tells
0%
That
0%
That’s
0%
Their
0%
They
0%
They
0%
They’re
0%
They’re
0%
They’ve
0%
They’ve
0%
Tiny
0%
To
0%
To
0%
To
0%
To
0%
To
0%
To
0%
To
0%
To
0%
To
0%
Toes
0%
Too
0%
Too
0%
Trade
0%
Two
0%
Us
0%
Us
0%
Wear
0%
Whatever
0%
Who
0%
Who’s
0%
William
0%
Wings
0%
With
0%
With
0%
World
0%
Would
0%
Would
0%
Yeah
0%
You
0%
You
0%
You
0%
Your
0%
Your
0%
Your
0%
Your
0%
Your
0%
Zoom
0%
No matching quizzes found
Score Distribution
Percent of People with Each Score
Percentile by Number Answered
Your Score History
You have not taken this quiz